|
|
|
|
| LEADER |
02772nam a2200649 i 4500 |
| 001 |
nkc20203179117 |
| 003 |
CZ PrNK |
| 005 |
20230419101820.0 |
| 007 |
ta |
| 008 |
200304s2020 xr ah e c 000 0 cze |
| 020 |
|
|
|a 978-80-88027-99-7
|q (v knize neuvedeno ;
|q brožováno)
|z 978-80-88027-36-2
|
| 040 |
|
|
|a BOA001
|b cze
|e rda
|
| 041 |
0 |
|
|a cze
|b eng
|
| 043 |
|
|
|a e-xr---
|
| 045 |
|
|
|a w-w-
|
| 072 |
|
7 |
|a 72/76
|x Výtvarné umění
|2 Konspekt
|9 21
|
| 080 |
|
|
|a 72/76(437.3)
|2 MRF
|
| 080 |
|
|
|a 79
|2 MRF
|
| 080 |
|
|
|a 316.72/.75
|2 MRF
|
| 080 |
|
|
|a 7.04
|2 MRF
|
| 080 |
|
|
|a (437.3)
|2 MRF
|
| 080 |
|
|
|a (048.8)
|2 MRF
|
| 080 |
|
|
|a (083.824)
|2 MRF
|
| 100 |
1 |
|
|a Prahl, Roman,
|d 1949-
|7 jn20000810004
|4 aut
|
| 245 |
1 |
0 |
|a Od práce k zábavě :
|b podoby volného času v umění XIX. století /
|c text: Roman Prahl
|
| 246 |
3 |
0 |
|a Podoby volného času v umění XIX. století
|
| 264 |
|
1 |
|a V Plzni :
|b Západočeská galerie, p.o.,
|c 2020
|
| 300 |
|
|
|a 117 stran :
|b ilustrace (převážně barevné), faksimile ;
|c 27 cm
|
| 336 |
|
|
|a text
|b txt
|2 rdacontent
|
| 336 |
|
|
|a statický obraz
|b sti
|2 rdacontent
|
| 337 |
|
|
|a bez média
|b n
|2 rdamedia
|
| 338 |
|
|
|a svazek
|b nc
|2 rdacarrier
|
| 500 |
|
|
|a "Západočeská galerie v Plzni, výstavní síň "13", 20.2.-10.5.2020"--Tiráž
|
| 500 |
|
|
|a Výstava byla připravena ve spolupráci s Národní galerií v Praze k tématu 40. ročníku plzeňského mezioborového sympozia k problematice 19. století Od práce k zábavě: volný čas v české kultuře 19. století, Plzeň, 20.-22. února 2020
|
| 500 |
|
|
|a 350 výtisků
|
| 504 |
|
|
|a Obsahuje bibliografii a bibliografické odkazy
|
| 546 |
|
|
|a Anglické resumé
|
| 648 |
|
7 |
|a 19. století
|7 ch460557
|2 czenas
|
| 650 |
0 |
7 |
|a české výtvarné umění
|7 ph116865
|y 19. století
|2 czenas
|
| 650 |
0 |
7 |
|a volný čas
|7 ph127235
|z Česko
|y 19. století
|2 czenas
|
| 650 |
0 |
7 |
|a kultura a společnost
|7 ph122010
|z Česko
|y 19. století
|2 czenas
|
| 650 |
0 |
7 |
|a umělecké náměty
|7 ph138227
|2 czenas
|
| 650 |
0 |
9 |
|a Czech art
|y 19th century
|2 eczenas
|
| 650 |
0 |
9 |
|a leisure
|z Czechia
|y 19th century
|2 eczenas
|
| 650 |
0 |
9 |
|a culture and society
|z Czechia
|y 19th century
|2 eczenas
|
| 650 |
0 |
9 |
|a artistic themes
|2 eczenas
|
| 655 |
|
7 |
|a monografie
|7 fd132842
|2 czenas
|
| 655 |
|
7 |
|a katalogy výstav
|7 fd132536
|2 czenas
|
| 655 |
|
9 |
|a monographs
|2 eczenas
|
| 655 |
|
9 |
|a exhibition catalogs
|2 eczenas
|
| 710 |
2 |
|
|a Výstavní síň "13" (Plzeň, Česko)
|7 pna2005285406
|4 orm
|
| 910 |
2 |
|
|a BOA001
|b 3-1442.730
|
| 990 |
|
|
|a BK
|
| 995 |
|
|
|a 11
|
| 991 |
|
|
|b 202005
|c NOV
|
| 996 |
6 |
|
|b 2610817136
|c 3-1442.730
|l MZK
|r Sklad / do 1 hodiny
|n 2
|p p.v.
|w 001785550
|u 000010
|a 1
|e BOA001
|j MZK50
|s P
|
| 996 |
7 |
|
|b 2610830421
|c 3-1442.730
|l MZK
|r Sklad / do 1 hodiny
|n 3
|p kup
|w 001785550
|u 000020
|a 1
|e BOA001
|j MZK50
|s A
|